| 000 | 00785nas a2200253 4500 | ||
|---|---|---|---|
| 001 | BR9604534 | ||
| 003 | BR-BrBNA | ||
| 005 | 20231205095326.0 | ||
| 007 | ta | ||
| 008 | 230509b bl.|||p| |||| 00| 00por d | ||
| 040 |
_aBR-BrBNA _bpor _cBiblioteca Nacional de Agricultura |
||
| 041 | _a(Pt) | ||
| 072 | _aH60 | ||
| 100 | 1 | _aFahl, J.I. | |
| 100 | 1 | _aCarelli, M.L.C. | |
| 100 | 1 | _aMoniz, E.A.L. e | |
| 100 | 1 | _aOliveira, A.L. de F. | |
| 245 | 1 | _aAvaliacao da manutencao de graos de milho atraves da linha do leite para aplicacao de dessecantes quimicos | |
| 650 | _aMilho Hibrido | ||
| 650 | _aHerbicida Dessecante | ||
| 773 | 0 |
_tBragantia (Brazil) _xISSN 0006-875 _g(1994), v. 53(2) p. 209-218 _wBR9604534 |
|
| 909 |
_a202311 _bLúcia _c55 _dLúcia Elande |
||
| 942 |
_2AGRIS _n0 _cANA |
||
| 999 |
_c150063 _d150063 |
||